000 00812nam a2200229 a 4500
001 43835
003 BD-RjUL
005 20211209053747.0
008 160628s1961 ii ||||| |||| 00| 0 ben d
020 _c: Tk. 3.00
035 _a(BD-RjUL)43953
040 _aBD-RjUL
_cBD-RjUL
_dben
_bben
041 _aben
082 _223
_a398.2
_bHAL 1961
100 _aহালদার, শ্রীযোগিলাল
_9134724
245 _aলোকসাহিত্যের ত্রিধারা /
_cশ্রীযোগিলাল হালদার
260 _aকলিকাতা :
_bঘোষ এন্ড কোং,
_c১৯৬১
300 _a১৭৪ পৃ. ;
_c১৮ সেমি.
650 _aলোকসাহিত্য
_9134725
650 _aFolk Literature
_9134726
942 _2ddc
_cBK
999 _c43835
_d43835